| 000 | 00524nam a2200145 a 4500 | ||
|---|---|---|---|
| 001 | 000031929 | ||
| 005 | 20230519124858.0 | ||
| 008 | 110707s1971 dr ac 000 0 spa d | ||
| 040 |
_aDO-SdBNP _bspa _cBNPHU |
||
| 040 | _aDO-SdBNP | ||
| 100 | 1 |
_aJiméne Rodríguez, M. A. _958104 |
|
| 245 | 1 | 0 | _aHomenaje del nuevo ayuntamiento del Distrito Nacional al procer Manuel Rodríguez Objio. |
| 260 |
_aSanto Domingo : _b[Ayuntamiento del Distrito Nacional ], _c1971. |
||
| 300 |
_a1 v. Con varias paginaciones : _bil., retrs. ; _c30 cm. |
||
| 999 |
_c31420 _d31420 |
||